[Event "Continental"]
[Site "Sao Paulo BRA"]
[Date "2009.08.01"]
[Round "10.66"]
[White "Araujo, Jose Roberto"]
[Black "Ueti, Silvio Shigueo"]
[Result "1-0"]
[WhiteElo "2142"]
[BlackElo "2228"]
[EventDate "2009.07.25"]
[PlyCount "75"]

1.d4 Nf6 2.c4 g6 3.Nc3 Bg7 4.Bf4 O-O 5.e3 c5 6.Nf3 d5 7.dxc5 Qa5 8.Rc1 Ne4
9.Be5 Nxc3 10.Bxc3 Bxc3+ 11.Rxc3 Qxa2 12.Qc1 Qa5 13.cxd5 Nd7 14.Nd2 f5 15.
Be2 Nf6 16.Bf3 Rd8 17.Ra3 Qc7 18.Qc4 Qe5 19.Qa2 Nxd5 20.Nc4 Qe6 21.Rd3 Kg7
22.Qb3 Qg8 23.O-O Nf6 24.Rxd8 Qxd8 25.c6 Be6 26.cxb7 Rb8 27.Qc3 Qc7 28.Na5
Qxc3 29.bxc3 Bd5 30.Bxd5 Nxd5 31.c4 Nc3 32.c5 Kf6 33.c6 Nb5 34.Rd1 Ke6 35.
f4 h6 36.Rd7 Nd6 37.c7 Rxb7 38.Rxd6+ 1-0

[Event "Continental"]
[Site "Sao Paulo BRA"]
[Date "2009.08.01"]
[Round "10.67"]
[White "Jukemura, Leandro"]
[Black "Borges, Rodrigo da Silva"]
[Result "1/2-1/2"]
[WhiteElo "2123"]
[BlackElo "2221"]
[EventDate "2009.07.25"]
[PlyCount "103"]

1.e4 c5 2.Nf3 e6 3.d3 Nc6 4.g3 g6 5.Bg2 Bg7 6.O-O Nge7 7.Re1 d6 8.c3 e5 9.
h3 O-O 10.Be3 h6 11.Qd2 Kh7 12.d4 exd4 13.cxd4 d5 14.exd5 Nxd5 15.Nc3 Nxe3
16.fxe3 cxd4 17.Nxd4 Nxd4 18.exd4 Qxd4+ 19.Qxd4 Bxd4+ 20.Kh2 Be6 21.Rad1 
Bxc3 22.bxc3 Rac8 23.Re3 b6 24.Bd5 Rcd8 25.Red3 Kg7 26.Bxe6 Rxd3 27.Rxd3 
fxe6 28.Kg2 Rf5 29.Rd7+ Rf7 30.Rd4 Rc7 31.c4 Kf6 32.Kf3 e5 33.Rd6+ Kg5 34.
g4 Kh4 35.Rxg6 h5 36.gxh5 Kxh5 37.Re6 Rc5 38.Re7 Kg5 39.Rxa7 Rxc4 40.Rb7 
Rb4 41.a3 Rb5 42.Ke4 Kf6 43.Rh7 Ke6 44.Rh6+ Kd7 45.a4 Rb4+ 46.Kxe5 Kc7 47.
Kd5 Kb7 48.a5 Rb5+ 49.Kc4 Rxa5 50.Kb3 Rg5 51.Kb2 Ka6 52.Kb1 1/2-1/2

[Event "Continental"]
[Site "Sao Paulo BRA"]
[Date "2009.08.01"]
[Round "10.68"]
[White "Barata, Adriano Albiani"]
[Black "Torres, Douglas da Silva"]
[Result "1/2-1/2"]
[WhiteElo "2220"]
[BlackElo "2069"]
[EventDate "2009.07.25"]
[PlyCount "60"]

1.e4 Nf6 2.e5 Nd5 3.d4 d6 4.Nf3 Bg4 5.Be2 Nc6 6.c4 Nb6 7.exd6 exd6 8.d5 
Bxf3 9.Bxf3 Ne5 10.Be2 Be7 11.Be3 O-O 12.Nd2 c6 13.dxc6 bxc6 14.O-O d5 15.
Rc1 d4 16.Bf4 Ng6 17.Bg3 f5 18.h3 f4 19.Bh2 Ne5 20.Nf3 Nxf3+ 21.Bxf3 Bc5 
22.Bxc6 Rc8 23.Be4 Qf6 24.b3 Nd7 25.Re1 Qh4 26.Bd5+ Kh8 27.Qg4 Qxg4 28.
hxg4 d3 29.Rcd1 d2 30.Re2 Bb4 1/2-1/2

[Event "Continental"]
[Site "Sao Paulo BRA"]
[Date "2009.08.01"]
[Round "10.69"]
[White "Veit, Darlan Rodrigo"]
[Black "Terao, Rodrigo Akira"]
[Result "0-1"]
[WhiteElo "2105"]
[BlackElo "2219"]
[EventDate "2009.07.25"]
[PlyCount "38"]

1.e4 e5 2.Nf3 Nc6 3.Bb5 f5 4.Nc3 Nf6 5.exf5 e4 6.Nh4 Nd4 7.Bc4 d5 8.Nxd5 
Nxd5 9.Qh5+ Ke7 10.f6+ Nxf6 11.Qf7+ Kd6 12.d3 Qe7 13.Bf4+ Kc6 14.Bb5+ Nxb5
15.Qc4+ Qc5 16.Qa4 Qb4+ 17.Qxb4 Bxb4+ 18.c3 Bd6 19.Be3 Be7 0-1

[Event "Continental"]
[Site "Sao Paulo BRA"]
[Date "2009.08.01"]
[Round "10.70"]
[White "Hirota da Silva, Nilton Jose"]
[Black "Galati, Mario Augusto"]
[Result "1/2-1/2"]
[WhiteElo "2067"]
[BlackElo "2206"]
[EventDate "2009.07.25"]
[PlyCount "153"]

1.d4 d5 2.Nf3 Nf6 3.e3 c5 4.c3 e6 5.Be2 Nbd7 6.O-O Bd6 7.Nbd2 b6 8.Ne1 Qc7
9.f4 cxd4 10.cxd4 Bb7 11.Nd3 O-O 12.Ne5 Rfc8 13.Bd3 Nf8 14.Ndf3 Ne4 15.Bd2
f6 16.Ng4 Qe7 17.Be1 Rc7 18.Rc1 Rac8 19.Rxc7 Rxc7 20.Nf2 Qd7 21.Nd2 f5 22.
Nf3 Qc8 23.Bd2 Nd7 24.Ne5 Ndf6 25.Nxe4 dxe4 26.Be2 Ba6 27.Bc3 Bxe2 28.Qxe2
Nd5 29.g4 Nxc3 30.bxc3 Rxc3 31.gxf5 exf5 32.Rf2 Rc1+ 33.Kg2 Bxe5 34.fxe5 
Qe6 35.Qh5 g6 36.Qg5 Kg7 37.Rd2 Rc8 38.Qf4 Rd8 39.Rc2 Rd7 40.Qf1 g5 41.Kh1
h6 42.h4 a5 43.hxg5 hxg5 44.Qh3 Qh6 45.Qxh6+ Kxh6 46.Rc6+ Kg7 47.Rxb6 f4 
48.exf4 gxf4 49.Rf6 f3 50.Rf4 Rxd4 51.e6 e3 52.e7 Rxf4 53.e8=Q e2 54.Qe5+ 
Kg6 55.Qxf4 e1=Q+ 56.Kh2 Qe2+ 57.Kh3 Qg2+ 58.Kh4 f2 59.Qd6+ Kf5 60.Qc5+ 
Ke6 61.Qc8+ Kd6 62.Qd8+ Kc5 63.Qxa5+ Kd4 64.Qd2+ Ke4 65.Qc2+ Kf4 66.Qc7+ 
Kf5 67.Qc8+ Ke5 68.Qc3+ Kd6 69.Qb4+ Kd7 70.Qd4+ Kc7 71.Qa7+ Kc8 72.Qc5+ 
Kd8 73.Qb6+ Ke8 74.Qb5+ Kf7 75.Qd7+ Kg6 76.Qe6+ Kg7 77.Qe7+ 1/2-1/2

[Event "Continental"]
[Site "Sao Paulo BRA"]
[Date "2009.08.01"]
[Round "10.71"]
[White "Chang, Suzana"]
[Black "Sanchez Castillo, Sarai"]
[Result "0-1"]
[WhiteElo "2047"]
[BlackElo "2202"]
[EventDate "2009.07.25"]
[PlyCount "110"]

1.d4 d5 2.c4 e6 3.Nc3 c6 4.cxd5 exd5 5.Nf3 Bf5 6.Bf4 Qb6 7.Qc1 Nd7 8.e3 h6
9.Be2 Ngf6 10.Ne5 Nxe5 11.Bxe5 Be7 12.f3 O-O 13.O-O Bh7 14.Qd2 Nd7 15.Bg3 
Bf6 16.Rad1 Rfe8 17.Rfe1 Nf8 18.Bf1 a5 19.Bd3 Bxd3 20.Qxd3 Ne6 21.Bf2 Qxb2
22.Rb1 Qa3 23.Rxb7 Nc5 24.dxc5 Qxc3 25.Qxc3 Bxc3 26.Reb1 Bb4 27.Rc7 Bxc5 
28.Rxc6 Bxe3 29.Bxe3 Rxe3 30.Rd6 Re2 31.Rxd5 Rxa2 32.Rbd1 a4 33.Rd8+ Rxd8 
34.Rxd8+ Kh7 35.Ra8 Kg6 36.Ra5 Kf6 37.h4 Ke6 38.h5 a3 39.Kh2 Kd6 40.Ra7 
Ke6 41.Kh3 Ra1 42.Kg4 a2 43.g3 Ke5 44.Ra5+ Kd4 45.Ra7 Kc5 46.Kf4 Kb4 47.
Rb7+ Kc3 48.Rc7+ Kd3 49.Ra7 Ke2 50.Ra3 Kf2 51.Ra7 Kg2 52.Ra3 g6 53.hxg6 
fxg6 54.Ra6 g5+ 55.Kf5 Kxf3 0-1

[Event "Continental"]
[Site "Sao Paulo BRA"]
[Date "2009.08.01"]
[Round "10.72"]
[White "Paiva, Pedro Henrique de"]
[Black "Nery Junior, Jose Antonio"]
[Result "1-0"]
[WhiteElo "2195"]
[BlackElo "1986"]
[EventDate "2009.07.25"]
[PlyCount "45"]

1.e4 d6 2.d4 Nf6 3.Nc3 c6 4.Bg5 Qa5 5.Qd2 Nbd7 6.f4 e5 7.Nf3 Be7 8.d5 cxd5
9.exd5 exf4 10.O-O-O O-O 11.Bd3 a6 12.Rhe1 Bd8 13.Qxf4 b5 14.Kb1 b4 15.Ne4
Nxd5 16.Qh4 f5 17.Bc4 Bb7 18.Nxd6 Bc6 19.Nd4 Bxg5 20.Qxg5 Kh8 21.Nxc6 Qc5 
22.Rxd5 Qxc6 23.Re7 1-0

[Event "Continental"]
[Site "Sao Paulo BRA"]
[Date "2009.08.01"]
[Round "10.73"]
[White "Supi, Luis Paulo"]
[Black "Moreno, William"]
[Result "1/2-1/2"]
[WhiteElo "2015"]
[BlackElo "2191"]
[EventDate "2009.07.25"]
[PlyCount "125"]

1.e4 c5 2.Nf3 g6 3.d4 Bg7 4.Nc3 cxd4 5.Nxd4 Nc6 6.Be3 Nf6 7.Bc4 O-O 8.Bb3 
d6 9.f3 Bd7 10.Qd2 Ne5 11.h4 h5 12.O-O-O Qa5 13.Kb1 Rfc8 14.Bg5 Rxc3 15.
Qxc3 Qxc3 16.bxc3 Rc8 17.Ne2 a5 18.a3 Bb5 19.Nf4 a4 20.Ba2 Kf8 21.Bxf6 
Bxf6 22.Nd5 Bg7 23.Rhe1 e6 24.Ne3 Ke7 25.c4 Nxc4 26.Nxc4 Bxc4 27.Bxc4 Rxc4
28.Rd3 Be5 29.c3 Bg3 30.Rh1 Rc6 31.Kc2 Kd7 32.f4 Bf2 33.Rb1 Kc7 34.Rb4 Ra6
35.Rc4+ Kd7 36.Rd1 Bxh4 37.Rb1 b6 38.Rbb4 Bg3 39.f5 gxf5 40.exf5 exf5 41.
Rxa4 Rxa4 42.Rxa4 Ke6 43.Kb3 Bf2 44.Rf4 Bc5 45.a4 Kf6 46.Kc4 Kg5 47.Rf3 
Kg4 48.Kd5 h4 49.Kc6 f4 50.Kd5 Kf5 51.c4 Bb4 52.Rh3 Kg4 53.Ke4 Bc5 54.Kd5 
Bb4 55.Kc6 Bc5 56.Kd7 Bb4 57.Ke8 f6 58.Kf7 Be1 59.Rb3 Bf2 60.Rf3 Bg3 61.
Rb3 Bf2 62.Rf3 Bg3 63.Rb3 1/2-1/2

[Event "Continental"]
[Site "Sao Paulo BRA"]
[Date "2009.08.01"]
[Round "10.75"]
[White "Chemin, Justo Reinaldo"]
[Black "Silva, Edson Rodrigo da"]
[Result "1-0"]
[WhiteElo "2278"]
[BlackElo "2027"]
[EventDate "2009.07.25"]
[PlyCount "83"]

1.d4 d5 2.Nf3 Nf6 3.Bf4 c5 4.c3 Qb6 5.Qb3 c4 6.Qc2 Nc6 7.Nbd2 Bg4 8.e3 e6 
9.h3 Bf5 10.Qc1 h6 11.Be2 Qa5 12.O-O Be7 13.Bd1 O-O 14.Bc2 Bxc2 15.Qxc2 b5
16.Ne5 Nxe5 17.Bxe5 b4 18.Bxf6 Bxf6 19.e4 bxc3 20.bxc3 Rab8 21.f4 g6 22.
Rab1 Rb6 23.g4 Rfb8 24.Rxb6 Rxb6 25.f5 exf5 26.gxf5 Bg7 27.e5 gxf5 28.Nf3 
Qa3 29.Nh4 Qe7 30.Nxf5 Qg5+ 31.Kh2 Rg6 32.e6 Bf8 33.exf7+ Kh8 34.Qe2 Kh7 
35.Qf3 a5 36.h4 Qf6 37.Qxd5 Rg4 38.Rf3 h5 39.Rg3 Rf4 40.Rg5 Rxh4+ 41.Nxh4 
Qf2+ 42.Ng2 1-0

[Event "Continental"]
[Site "Sao Paulo BRA"]
[Date "2009.08.01"]
[Round "10.76"]
[White "Borda, Alan"]
[Black "Casares, Luis Alberto"]
[Result "1-0"]
[WhiteElo "2255"]
[BlackElo "2007"]
[EventDate "2009.07.25"]
[PlyCount "73"]

1.e4 c5 2.c3 Nc6 3.Nf3 Nf6 4.e5 Nd5 5.d4 cxd4 6.cxd4 e6 7.a3 Qa5+ 8.Nbd2 
b5 9.Be2 Ba6 10.O-O Nf4 11.b4 Nxe2+ 12.Qxe2 Nxb4 13.Nb3 Qa4 14.axb4 Qxb3 
15.Rxa6 Bxb4 16.Qxb5 Ke7 17.Bd2 Rhb8 18.Bxb4+ Qxb4 19.Qxb4+ Rxb4 20.Rfa1 
h6 21.Kf1 g5 22.R6a4 Rb2 23.g4 Rc8 24.R1a2 Rb5 25.R4a3 Rb1+ 26.Ke2 h5 27.
Nxg5 hxg4 28.Ne4 Rcc1 29.Ke3 Re1+ 30.Re2 Rh1 31.Rxa7 Rxh2 32.Nf6 Kd8 33.
Rc2 Rh3+ 34.Kf4 Ke7 35.Rxd7+ Kf8 36.Rd8+ Ke7 37.Re8# 1-0

[Event "Continental"]
[Site "Sao Paulo BRA"]
[Date "2009.08.01"]
[Round "10.78"]
[White "Name, Gabriel Ricardo Salim"]
[Black "Vivaldo, Leonardo Vicente"]
[Result "1/2-1/2"]
[WhiteElo "2226"]
[BlackElo "2006"]
[EventDate "2009.07.25"]
[PlyCount "94"]

1.c4 e5 2.Nc3 Nc6 3.g3 g6 4.Bg2 Bg7 5.d3 d6 6.Rb1 f5 7.b4 Nf6 8.b5 Ne7 9.
Ba3 O-O 10.Nf3 Kh8 11.h3 h6 12.e4 f4 13.g4 Nd7 14.h4 Re8 15.g5 h5 16.Bh3 
Nf8 17.Bxc8 Nxc8 18.Nd5 Ne6 19.Bb2 Nb6 20.Nc3 c5 21.bxc6 bxc6 22.a4 Nc8 
23.Ba3 Ne7 24.Ne2 c5 25.Qd2 Qc7 26.Nc3 Reb8 27.Ke2 a6 28.Rhc1 Kg8 29.Nd5 
Qd8 30.Bb2 Nc6 31.Bc3 a5 32.Rb5 Nb4 33.Ra1 Kf7 34.Qd1 Nf8 35.Qb3 Kg8 36.
Bxb4 axb4 37.a5 Ra6 38.Rxb8 Qxb8 39.Qa4 Qa7 40.Qe8 Qd7 41.Qxd7 Nxd7 42.Kd2
Nb8 43.Nc7 Ra7 44.Nb5 Ra6 45.Kc2 Bf8 46.Nd2 Nc6 47.Nb3 Kf7 1/2-1/2

[Event "Continental"]
[Site "Sao Paulo BRA"]
[Date "2009.08.01"]
[Round "10.80"]
[White "Mesias Rojas, Rabindranath"]
[Black "Guerrero Avila, Hernando"]
[Result "1-0"]
[WhiteElo "2189"]
[BlackElo "1985"]
[EventDate "2009.07.25"]
[PlyCount "79"]

1.f4 d5 2.Nf3 Nf6 3.g3 Nc6 4.Bg2 e6 5.O-O Be7 6.d3 O-O 7.Nc3 a6 8.h3 Re8 
9.g4 Bd6 10.e4 dxe4 11.dxe4 Bc5+ 12.Kh2 Qxd1 13.Rxd1 e5 14.fxe5 Nxe5 15.
Nxe5 Rxe5 16.Bf4 Re8 17.Bxc7 Be6 18.e5 Nd7 19.Ne4 Rac8 20.Nd6 Bxd6 21.exd6
Rxc7 22.dxc7 Rc8 23.Bd5 Rxc7 24.c3 Bxd5 25.Rxd5 g6 26.g5 Nf8 27.Rad1 Ne6 
28.h4 Rc4 29.Kg3 b5 30.a3 Re4 31.Rf1 Re3+ 32.Rf3 Re2 33.Rd7 Ng7 34.Rfxf7 
Nf5+ 35.Kf4 Rxb2 36.Ra7 Rf2+ 37.Ke5 a5 38.Rxh7 b4 39.cxb4 axb4 40.axb4 1-0

[Event "Continental"]
[Site "Sao Paulo BRA"]
[Date "2009.08.01"]
[Round "10.81"]
[White "Abdalla, Jose Lucas Aurelli"]
[Black "Salazar, Carlos"]
[Result "0-1"]
[WhiteElo "1939"]
[BlackElo "2189"]
[EventDate "2009.07.25"]
[PlyCount "104"]

1.e4 c5 2.Nf3 e6 3.d3 Nc6 4.g3 Nf6 5.Bg2 Be7 6.O-O O-O 7.Re1 d5 8.e5 Nd7 
9.h4 Re8 10.Bf4 f6 11.Nbd2 fxe5 12.Nxe5 Ndxe5 13.Bxe5 Nxe5 14.Rxe5 Bf6 15.
Nf3 Bxe5 16.Nxe5 b6 17.Qh5 Qe7 18.Re1 Bb7 19.f4 d4 20.Qg4 Bxg2 21.Kxg2 b5 
22.Qf3 Rac8 23.Qe4 Qd6 24.Qb7 Qd5+ 25.Qxd5 exd5 26.Rd1 Re6 27.Kf2 Rce8 28.
Re1 g6 29.Kf3 Kg7 30.Re2 b4 31.Re1 Ra6 32.Ra1 Ree6 33.g4 Ra5 34.g5 Kf8 35.
Ng4 Ke7 36.f5 gxf5 37.Nf6 Rxf6 38.gxf6+ Kxf6 39.Kf4 Ra6 40.a3 bxa3 41.bxa3
Re6 42.Rb1 Re2 43.Rb2 Rf2+ 44.Kg3 Rd2 45.Kf4 c4 46.dxc4 dxc4 47.Rb7 Rf2+ 
48.Kg3 Rxc2 49.Rxa7 d3 50.Rxh7 d2 51.Rd7 Rc3+ 52.Kf2 Rd3 0-1

[Event "Continental"]
[Site "Sao Paulo BRA"]
[Date "2009.08.01"]
[Round "10.82"]
[White "Almeida Junior, Benone Lopes de"]
[Black "Deus Filho, Joaquim de"]
[Result "0-1"]
[WhiteElo "2188"]
[BlackElo "1990"]
[EventDate "2009.07.25"]
[PlyCount "82"]

1.e4 c5 2.Nf3 d6 3.d4 cxd4 4.Nxd4 Nf6 5.f3 e5 6.Nb3 d5 7.Bg5 Be6 8.Bxf6 
gxf6 9.exd5 Qxd5 10.Qxd5 Bxd5 11.Nc3 Be6 12.O-O-O Nc6 13.Ne4 Be7 14.Nbc5 
f5 15.Nd6+ Bxd6 16.Rxd6 Ke7 17.Rd1 Rhc8 18.Nxe6 fxe6 19.Kb1 a6 20.c3 b5 
21.g4 Rd8 22.Bd3 Kf6 23.h4 h6 24.Rhg1 Rg8 25.Bc2 Rad8 26.Rxd8 Rxd8 27.Kc1 
Ne7 28.Bd1 Nd5 29.gxf5 exf5 30.h5 Nf4 31.a4 bxa4 32.Kb1 a3 33.b3 Rd2 34.c4
a2+ 35.Ka1 Nd3 36.b4 Nxb4 37.c5 e4 38.fxe4 fxe4 39.Rg6+ Ke5 40.Bb3 Rf2 41.
Bc4 Rc2 0-1

[Event "Continental"]
[Site "Sao Paulo BRA"]
[Date "2009.08.01"]
[Round "10.83"]
[White "Nunes, Allan Hurba"]
[Black "Leal, Paulo Tarcisio Garcia"]
[Result "1/2-1/2"]
[WhiteElo "1976"]
[BlackElo "2172"]
[EventDate "2009.07.25"]
[PlyCount "80"]

1.d4 d5 2.c4 e6 3.Nc3 Nf6 4.cxd5 exd5 5.Bg5 c6 6.e3 Nbd7 7.Bd3 Bd6 8.Qc2 
Qc7 9.Nge2 h6 10.Bf4 a6 11.Bxd6 Qxd6 12.Ng3 O-O 13.O-O Re8 14.Nf5 Qe6 15.
Rae1 Nf8 16.b4 g6 17.Ng3 Qd6 18.Rb1 Bd7 19.a4 Kg7 20.a5 Ng4 21.Na4 h5 22.
Rfe1 Nxh2 23.Kxh2 h4 24.f4 hxg3+ 25.Kxg3 g5 26.Qd2 Re7 27.Kf2 Rae8 28.g3 
Bg4 29.Nc5 gxf4 30.exf4 Qf6 31.Rxe7 Rxe7 32.Bf1 Qh6 33.Re1 Ne6 34.Nxe6+ 
fxe6 35.Qe3 Rf7 36.Qe5+ Kf8 37.Qb8+ Kg7 38.Qe5+ Kg8 39.Bg2 Qg6 40.Qb8+ Rf8
1/2-1/2

[Event "Continental"]
[Site "Sao Paulo BRA"]
[Date "2009.08.01"]
[Round "10.84"]
[White "Sztokbant, Bernardo Vainzoff"]
[Black "Monteiro Neto, Cesidio Rocha"]
[Result "1-0"]
[WhiteElo "1936"]
[BlackElo "2145"]
[EventDate "2009.07.25"]
[PlyCount "80"]

1.e4 c5 2.Nf3 g6 3.Nc3 Nc6 4.d4 cxd4 5.Nxd4 Bg7 6.Be3 Nf6 7.Be2 O-O 8.O-O 
d6 9.Kh1 Bd7 10.Nb3 a5 11.a4 Nb4 12.f4 Bc6 13.Bf3 d5 14.e5 Ne8 15.Nd4 Nc7 
16.Qe2 e6 17.g4 f6 18.exf6 Bxf6 19.Bg1 Re8 20.Qf2 Qd7 21.Qd2 Re7 22.Nce2 
Ne8 23.c3 Na6 24.b4 Bxa4 25.Qa2 b5 26.f5 axb4 27.fxe6 Qd6 28.cxb4 Rd8 29.
Rab1 Nec7 30.Nc3 Bxd4 31.Bxd4 Nxb4 32.Qa3 Nba6 33.Qa2 Nb4 34.Qd2 Rb8 35.
Rxb4 Qxb4 36.Rb1 Qa3 37.Qf4 Rf8 38.Qe5 Rxe6 39.Bxd5 Kf7 40.Rf1+ Ke8 1-0

[Event "Continental"]
[Site "Sao Paulo BRA"]
[Date "2009.08.01"]
[Round "10.85"]
[White "Palozi, Paulo Ricardo"]
[Black "Rodrigues, Bruno Morado"]
[Result "1/2-1/2"]
[WhiteElo "2127"]
[BlackElo "1953"]
[EventDate "2009.07.25"]
[PlyCount "71"]

1.d4 d5 2.c4 c6 3.Nc3 Nf6 4.Nf3 e6 5.cxd5 exd5 6.Qc2 Bd6 7.Bg5 O-O 8.e3 
Nbd7 9.Bd3 h6 10.Bh4 Re8 11.O-O Nf8 12.Rab1 Bg4 13.Nd2 Bh5 14.Bg3 Bg6 15.
b4 a6 16.a4 Bxg3 17.hxg3 Qd6 18.Bxg6 Nxg6 19.b5 axb5 20.axb5 h5 21.bxc6 
bxc6 22.Ne2 h4 23.Rb6 Rac8 24.Rc1 Re6 25.Nb3 hxg3 26.Nxg3 Ng4 27.Nf1 Qd8 
28.Rb7 Qh4 29.Qf5 Rf8 30.g3 Rf6 31.gxh4 Rxf5 32.f4 Nxh4 33.Rxc6 Re8 34.
Rcb6 Rf6 35.Rxf6 Nxf6 36.Nc5 1/2-1/2

[Event "Continental"]
[Site "Sao Paulo BRA"]
[Date "2009.08.01"]
[Round "10.86"]
[White "Daneri, Martin"]
[Black "Jardim, Daphne Tofano"]
[Result "1-0"]
[WhiteElo "2121"]
[BlackElo "1940"]
[EventDate "2009.07.25"]
[PlyCount "75"]

1.d4 Nf6 2.c4 e6 3.Nf3 d5 4.e3 c5 5.b3 Nc6 6.Bb2 cxd4 7.exd4 Be7 8.Nbd2 
O-O 9.Bd3 b6 10.O-O Bb7 11.Qe2 Rc8 12.Rac1 Rc7 13.Rfd1 h6 14.a3 dxc4 15.
bxc4 Qc8 16.d5 exd5 17.cxd5 Nd8 18.Rxc7 Qxc7 19.Be5 Qd7 20.d6 Bxd6 21.Bxf6
gxf6 22.Ne4 Bxe4 23.Qxe4 f5 24.Qh4 Ne6 25.Bxf5 f6 26.Qg4+ Kf7 27.Re1 Re8 
28.Bg6+ Ke7 29.Bxe8 Kxe8 30.Qxe6+ Qxe6 31.Rxe6+ Kd7 32.Rxf6 Bxa3 33.Rxh6 
b5 34.Rh7+ Be7 35.Nd4 b4 36.Nf5 Ke6 37.Rxe7+ Kxf5 38.Rxa7 1-0

[Event "Continental"]
[Site "Sao Paulo BRA"]
[Date "2009.08.01"]
[Round "10.87"]
[White "Moyses Filho, Joao"]
[Black "Cardoso Junior, Cicero Assuncao"]
[Result "0-1"]
[WhiteElo "2118"]
[BlackElo "1888"]
[EventDate "2009.07.25"]
[PlyCount "132"]

1.e4 c5 2.Nf3 e6 3.Nc3 a6 4.g3 b5 5.Bg2 Bb7 6.d3 Qc7 7.O-O Ne7 8.a4 b4 9.
Ne2 a5 10.b3 Ng6 11.Bb2 Nc6 12.Qd2 e5 13.c3 Be7 14.cxb4 axb4 15.h4 h5 16.
Rac1 Qb6 17.Bh3 d6 18.Ng5 Bc8 19.Kh2 Bxh3 20.Kxh3 Qc7 21.f4 f6 22.Ne6 Qd7 
23.f5 Rh7 24.d4 exd4 25.N2xd4 Nf8 26.Nxf8 Bxf8 27.Nxc6 Qxc6 28.Qxb4 Qd7 
29.Qc4 Rh8 30.Rcd1 Qc8 31.Rfe1 Be7 32.Kh2 Rb8 33.Qd5 Qb7 34.Qe6 Qxb3 35.
Qxb3 Rxb3 36.Re2 Kf7 37.Ra1 Ra8 38.Bc1 Bd8 39.Bf4 Ke7 40.Kg2 Ba5 41.Rd1 
Ra6 42.Ra2 c4 43.Rc1 c3 44.Rcc2 Rc6 45.Kf3 Rc4 46.Re2 Rbb4 47.Bc1 Rxa4 48.
Rxa4 Rxa4 49.Rc2 Kd7 50.Ke3 d5 51.exd5 Kd6 52.Re2 Kxd5 53.Kd3 Rd4+ 54.Kc2 
Re4 55.Rf2 Kc4 56.Bf4 Kd5 57.Bc1 Ra4 58.Kb3 Rb4+ 59.Kc2 Re4 60.Ba3 Rg4 61.
Rf3 Ke4 62.Rd3 Bc7 63.Bf8 Be5 64.Rd7 Rxg3 65.Rxg7 Rxg7 66.Bxg7 Kxf5 0-1

[Event "Continental"]
[Site "Sao Paulo BRA"]
[Date "2009.08.01"]
[Round "10.88"]
[White "Prieto Sanabria, Ernesto"]
[Black "Garcia, Liria Caetano"]
[Result "1/2-1/2"]
[WhiteElo "2104"]
[BlackElo "1837"]
[EventDate "2009.07.25"]
[PlyCount "41"]

1.e4 c6 2.Nc3 d5 3.Nf3 Bg4 4.h3 Bxf3 5.Qxf3 e6 6.d3 Nf6 7.a3 Be7 8.g4 Na6 
9.g5 Nd7 10.h4 Qb6 11.Bh3 O-O-O 12.O-O Rhf8 13.Qe2 Bd6 14.b4 Nc7 15.Bg2 a6
16.Kh1 f5 17.Na4 Qb5 18.Nc3 Qb6 19.Na4 Qb5 20.Nc3 Qb6 21.Na4 1/2-1/2

[Event "Continental"]
[Site "Sao Paulo BRA"]
[Date "2009.08.01"]
[Round "10.89"]
[White "Chaves, Jorge Antonio Torres"]
[Black "Elihimas, Frederico Gomes"]
[Result "1/2-1/2"]
[WhiteElo "2102"]
[BlackElo "1825"]
[EventDate "2009.07.25"]
[PlyCount "253"]

1.d4 Nf6 2.c4 g6 3.Nc3 d6 4.e4 Bg7 5.Nf3 O-O 6.Be2 Nbd7 7.O-O e5 8.Re1 a5 
9.Bf1 Re8 10.d5 Nc5 11.h3 Rf8 12.b3 Ne8 13.Rb1 f5 14.Bg5 Nf6 15.Nd2 h6 16.
Bxf6 Rxf6 17.a3 f4 18.b4 axb4 19.axb4 Nd7 20.Be2 b6 21.Qb3 Kh7 22.Ra1 Bb7 
23.Ra3 Rf8 24.Rea1 Qb8 25.Bg4 Nf6 26.Be6 h5 27.Nf3 Bh6 28.h4 Kg7 29.Qa2 
Re8 30.Bh3 Ng4 31.Rxa8 Bxa8 32.Qa7 Nf6 33.Kf1 Rd8 34.Ke2 Kf7 35.Qxb8 Rxb8 
36.Ra7 Bb7 37.Be6+ Ke7 38.Kd3 Ng4 39.Bxg4 hxg4 40.Ng5 Bxg5 41.hxg5 Kd7 42.
g3 Ra8 43.Rxa8 Bxa8 44.Ne2 f3 45.Nc3 Bb7 46.Nd1 Kd8 47.Ne3 Bc8 48.Kc3 Bd7 
49.Kb3 Kc8 50.Nc2 c5 51.dxc6 Bxc6 52.Ne3 Bd7 53.Nd5 Kb7 54.Kc3 Be6 55.Ne3 
Kc7 56.Kb2 Kb7 57.Ka3 Ka7 58.Ka4 Bd7+ 59.Kb3 Be6 60.Kc3 Kb7 61.Nd1 Kc7 62.
Kd3 Bf7 63.Nc3 Kb7 64.Nb5 Kc6 65.Na3 Be6 66.Kc3 Kb7 67.Nc2 Kc7 68.Ne1 Bd7 
69.Kd3 Be6 70.Kc3 Bf7 71.Nd3 Kc6 72.c5 bxc5 73.bxc5 Bg8 74.cxd6 Kxd6 75.
Kb4 Ba2 76.Nb2 Bg8 77.Nd1 Bf7 78.Ne3 Be6 79.Kb5 Bd7+ 80.Kb6 Be6 81.Kb5 
Bd7+ 82.Kb4 Be6 83.Kc3 Kc5 84.Nc2 Bc8 85.Kd3 Ba6+ 86.Kc3 Bb7 87.Kd3 Ba6+ 
88.Kd2 Bb7 89.Ke3 Ba6 90.Kd2 Bc8 91.Ne3 Kd4 92.Nd5 Kxe4 93.Ne7 Ba6 94.Kc3 
Bb5 95.Nxg6 Kf5 96.Ne7+ Kxg5 97.Kb4 Bd3 98.Kc5 Kf6 99.Nd5+ Ke6 100.Ne3 Bf5
101.Kc6 Be4+ 102.Kc5 Bf5 103.Kb6 e4 104.Kc5 Ke5 105.Nc4+ Ke6 106.Kd4 Kf6 
107.Nd6 Bg6 108.Nxe4+ Kf5 109.Nd6+ Ke6 110.Nc4 Kf5 111.Ke3 Bh5 112.Kd4 Bg6
113.Ne3+ Kg5 114.Ke5 Bh7 115.Nd5 Bf5 116.Nf6 Bb1 117.Nd5 Ba2 118.Nc3 Bf7 
119.Ne4+ Kg6 120.Kf4 Be6 121.Nc5 Bc8 122.Nd3 Be6 123.Ne5+ Kh5 124.Nc6 Bc8 
125.Ne7 Be6 126.Nf5 Bd7 127.Nd4 1/2-1/2

[Event "Continental"]
[Site "Sao Paulo BRA"]
[Date "2009.08.01"]
[Round "10.95"]
[White "Freitas, Julio Eimard de"]
[Black "Roland, Marcos Maldonado"]
[Result "0-1"]
[WhiteElo "1870"]
[BlackElo "2155"]
[EventDate "2009.07.25"]
[PlyCount "74"]

1.d4 Nf6 2.c4 c5 3.Nf3 cxd4 4.Nxd4 Nc6 5.g3 Qb6 6.e3 e6 7.Bg2 Bb4+ 8.Nc3 
O-O 9.O-O Qc5 10.Qd3 Ne5 11.Qe2 Qxc4 12.Qxc4 Nxc4 13.Nde2 d5 14.a3 Be7 15.
Rd1 Bd7 16.e4 dxe4 17.Rd4 Na5 18.Bg5 Bc6 19.Rad1 Bc5 20.Bxf6 gxf6 21.b4 
Bxd4 22.Nxd4 Nc4 23.Nxc6 bxc6 24.Nxe4 Kg7 25.Rd7 Rfd8 26.Rc7 Rd1+ 27.Bf1 
f5 28.Kg2 Rxf1 29.Ng5 Rc1 30.Nxe6+ Kf6 31.Nc5 Ne5 32.f4 Rc2+ 33.Kh3 Ng6 
34.Rxc6+ Ke7 35.Rc7+ Kd6 36.Rd7+ Kc6 37.b5+ Kxb5 0-1

[Event "Continental"]
[Site "Sao Paulo BRA"]
[Date "2009.08.01"]
[Round "10.96"]
[White "Martinez, Daniel"]
[Black "Aoyama, Edmundo"]
[Result "0-1"]
[WhiteElo "2060"]
[BlackElo "1963"]
[EventDate "2009.07.25"]
[PlyCount "54"]

1.e4 d6 2.Nf3 Nf6 3.d3 g6 4.g3 Bg7 5.Bg2 O-O 6.O-O c5 7.e5 Nfd7 8.exd6 
exd6 9.Nc3 Nc6 10.Bg5 f6 11.Bd2 Nde5 12.Nxe5 fxe5 13.f4 Be6 14.Kh1 Qd7 15.
Rb1 Ne7 16.a3 Rad8 17.fxe5 Bxe5 18.Be3 Nf5 19.Bg1 Qg7 20.Qd2 Bxg3 21.hxg3 
Nxg3+ 22.Kh2 Qe5 23.Rxf8+ Rxf8 24.Qd1 Qg5 25.Be3 Qxe3 26.Qe1 Nf1+ 27.Kh1 
Qh6+ 0-1

[Event "Continental"]
[Site "Sao Paulo BRA"]
[Date "2009.08.01"]
[Round "10.97"]
[White "Almeida, Heitor de"]
[Black "Cella, Glaucio Dalla Cortt"]
[Result "1-0"]
[WhiteElo "1958"]
[BlackElo "2044"]
[EventDate "2009.07.25"]
[PlyCount "43"]

1.d4 Nf6 2.c4 e5 3.dxe5 Ng4 4.Nf3 Nc6 5.a3 Ncxe5 6.e3 d6 7.b3 Qf6 8.Ra2 
Bf5 9.Nxe5 Nxf2 10.Rxf2 Qxe5 11.Bb2 Qe6 12.Bd3 Bg6 13.O-O O-O-O 14.e4 Bxe4
15.Bxe4 Qxe4 16.Nc3 Qe8 17.Rxf7 h5 18.Qd2 Rd7 19.R7f3 Re7 20.Qf2 g5 21.
Rxf8 Rxf8 22.Qxf8 1-0

[Event "Continental"]
[Site "Sao Paulo BRA"]
[Date "2009.08.01"]
[Round "10.98"]
[White "Barata, Hemar Antonio Galvao"]
[Black "Baccarin, Natalia Viaro"]
[Result "1-0"]
[WhiteElo "2043"]
[BlackElo "1939"]
[EventDate "2009.07.25"]
[PlyCount "43"]

1.e4 c5 2.Nc3 Nc6 3.f4 g6 4.Nf3 Bg7 5.Bb5 e6 6.Bxc6 bxc6 7.O-O d5 8.e5 Ba6
9.d3 Ne7 10.Na4 Qa5 11.b3 c4 12.Bd2 Qc7 13.Nc5 cxd3 14.cxd3 O-O 15.Rc1 Qb6
16.Kh1 Rfd8 17.Qe1 d4 18.Ba5 Qb5 19.a4 Qb8 20.Bxd8 Bxd3 21.Bxe7 Bxf1 22.
Qxf1 1-0

[Event "Continental"]
[Site "Sao Paulo BRA"]
[Date "2009.08.01"]
[Round "10.99"]
[White "Rodrigues, Nei Jorge"]
[Black "Costa, Giovanni de Almeida"]
[Result "0-1"]
[WhiteElo "2033"]
[BlackElo "1931"]
[EventDate "2009.07.25"]
[PlyCount "106"]

1.Nf3 Nf6 2.c4 c5 3.d4 cxd4 4.Nxd4 Nc6 5.Nc3 a6 6.e4 e6 7.Bg5 Be7 8.Be2 
Nxe4 9.Nxe4 Bxg5 10.Nd6+ Kf8 11.Nb3 Be7 12.c5 Bxd6 13.Qxd6+ Qe7 14.Qc7 f6 
15.Rd1 Kf7 16.O-O Nb4 17.a3 Nd5 18.Qg3 a5 19.a4 Nb4 20.Rd6 Na6 21.Rfd1 Rd8
22.Qc3 Nc7 23.Bc4 Ne8 24.Rb6 d5 25.Bb5 Nc7 26.Bd3 Kf8 27.Rc1 e5 28.Nxa5 d4
29.Qd2 Nd5 30.Rd6 Rxd6 31.cxd6 Qxd6 32.Nc4 Qb4 33.Qxb4+ Nxb4 34.Bxh7 Be6 
35.b3 Rc8 36.Be4 b6 37.f3 Bxc4 38.bxc4 Ke7 39.Kf1 Kd6 40.Ke2 Kc5 41.Rb1 
Rc7 42.Bd3 Ra7 43.Ra1 Ra5 44.h4 Nc6 45.h5 Ne7 46.g4 Nc8 47.g5 fxg5 48.Rg1 
Kb4 49.Kd2 Rxa4 50.Rxg5 Ra2+ 51.Kc1 Kc3 52.Bh7 Ra1+ 53.Bb1 d3 0-1

[Event "Continental"]
[Site "Sao Paulo BRA"]
[Date "2009.08.01"]
[Round "10.100"]
[White "Costa, Joao Carlos da"]
[Black "Britez, Jorge Antonio Gonzales"]
[Result "1-0"]
[WhiteElo "2007"]
[BlackElo "1877"]
[EventDate "2009.07.25"]
[PlyCount "45"]

1.e4 c6 2.c4 d5 3.cxd5 cxd5 4.Qa4+ Bd7 5.Qb3 Bc6 6.Nf3 dxe4 7.Bc4 e6 8.Ne5
Qc7 9.Nxf7 Qxf7 10.Bxe6 Qf6 11.d4 Bb4+ 12.Nc3 Ne7 13.O-O Bxc3 14.bxc3 Nd7 
15.Ba3 Nb6 16.Bxe7 Qxe7 17.a4 Rd8 18.f3 exf3 19.Rae1 Qf6 20.Bg4+ Kf8 21.
Bxf3 Bxf3 22.Rxf3 Qxf3 23.gxf3 1-0